000 00413cam a2200169ua 4500
041 _aeng
_h
082 _a320.8
_bGOL/TE
100 _aGolding, L .
245 _aTeach yourself local Government /
_cL.Golding.
_hTextual Documents
250 _a3 /
_b.
260 _aLondon :
_bEnglish Universities Press ,
_c1964.
300 _a192 ; .
500 _aref
504 _a
942 _cBK
999 _c11133
_d11133